Science Quiz

Random Science or Sporcle Quiz

Science Via Sporcle Quiz Stats

Quiz Updated Feb 16, 2012

Challenge
Share
Tweet
Embed
Score 0/20 Timer 06:00
1 Play Today
Hint Answer % Correct
This gas makes up approx. 78.1% of our atmosphereNitrogen
85.9%
The symbol for this element is HgMercury
77.3%
The largest 2 digit prime number97
75.7%
The planet on which you would weigh the leastMars
75.2%
Varieties of this creature include fire, bull and leafcutterAnt
71.3%
A baby deerFawn
70.9%
The opposite of waning; from new moon to full moonWaxing
66.1%
The world's most highly produced cereal crop (grain)Maize (corn)
62.7%
The S.I. unit for electrical resistanceOhm
59.9%
This has the shortest name of any elementTin
55.4%
Hint Answer % Correct
This has the shortest wavelength among radiation of the electromagnetic spectrumGamma rays
52.5%
A triangle with no congruent sidesScalene
52.3%
The cranial nerve relating to the sense of smellOlfactory nerve
38.5%
This distance is equal to 3.26 light yearsParsec
28.2%
The inventor of the rigid airshipFerdinand von Zeppelin
20%
This common animal's scientific name is sus domesticaPig
17.6%
The scale used for measuring the hotness of a chili pepperScoville scale
17.3%
'The Swan' is the english name of this constellationCygnus
14.5%
A group of kangaroosMob
9.1%
The largest known dwarf planet in our solar systemEris
7.3%

You're not logged in!

Compare scores with friends on all Sporcle quizzes.
Join for Free
OR
Log In

You Might Also Like...

Show Comments

Extras

Top Quizzes Today


Score Distribution

Your Account Isn't Verified!

In order to create a playlist on Sporcle, you need to verify the email address you used during registration. Go to your Sporcle Settings to finish the process.

Report this User

Report this user for behavior that violates our Community Guidelines.

Details: